|
|
|
|
| LEADER |
03362nam a2200409 a 4500 |
| 001 |
GR-Antirio963 |
| 008 |
140423s2010 gr g b 000 0 gre d |
| 020 |
|
|
|a 9789606759482
|
| 040 |
|
|
|a GrPaTEI
|b gre
|c GR-PaULI
|
| 040 |
|
|
|a GrPaTEI
|b gre
|c GR-PaULI
|
| 082 |
|
0 |
|a 621.38456
|2 22
|
| 100 |
1 |
|
|a Λούβρος, Σπυρίδων
|
| 245 |
1 |
3 |
|a Το δίκτυο κινητής τηλεφωνίας GSM /
|c Λούβρος Σπυρίδων, Κούγιας Ιωάννης.
|
| 260 |
|
|
|a Αθήνα :
|b Εκδόσεις Νέων Τεχνολογιών,
|c 2010
|
| 300 |
|
|
|a 1071 σ.
|a έγχ.είκ., πίν.
|
| 500 |
|
|
|a Σύστημα "ΕΥΔΟΞΟΣ": αρ. εισ. 8990, 9110, 9111, 9151, 9152, 9153, 9154, 9155
|
| 500 |
|
|
|a Τμήμα Μηχανικών Πληροφορικής Τ.Ε. (Αντίρριο)
|
| 504 |
|
|
|a Περιλαμβάνει βιβωλιογραφικές αναφορές και γλωσσαάρι.
|
| 610 |
|
4 |
|a Σύστημα ΕΥΔΟΞΟΣ
|
| 610 |
2 |
4 |
|a Τμήμα Μηχανικών Πληροφορικής Τ.Ε. (Αντίρριο)
|
| 650 |
|
4 |
|a Θεωρία σημάτων (Τηλεπικοινωνια)
|
| 650 |
|
4 |
|a Κινητή τηλεφωνία
|
| 650 |
|
4 |
|a Τηλεπικοινωνία
|
| 650 |
|
4 |
|a Ψηφιακή επικοινωνία
|
| 700 |
1 |
|
|a Κούγιας, Ιωάννης
|
| 710 |
0 |
|
|a Νέων Τεχνολογιών
|
| 942 |
|
|
|2 ddc
|
| 952 |
|
|
|0 0
|1 0
|2 ddc
|4 0
|6 621_384560000000000_ΛΟΥ
|7 0
|9 262575
|a LISK-2
|b LISK-2
|c EUD
|d 2021-01-17
|e 24
|f 0
|g 0.00
|l 0
|o 621.38456 ΛΟΥ
|p 2430000008990
|r 2021-01-17 00:00:00
|t 1
|w 2021-01-17
|y BK15
|x 20140423 0 ΧΑΣΑΝΗ 1
|x GrPaTEI - Antirrio
|
| 952 |
|
|
|0 0
|1 0
|2 ddc
|4 0
|6 621_384560000000000_ΛΟΥ
|7 0
|9 262576
|a LISK-2
|b LISK-2
|c EUD
|d 2021-01-17
|e 24
|f 0
|g 0.00
|l 0
|o 621.38456 ΛΟΥ
|p 2430000009110
|r 2021-01-17 00:00:00
|t 1
|w 2021-01-17
|y BK15
|x 20140423 0 ΧΑΣΑΝΗ 1
|x GrPaTEI - Antirrio
|
| 952 |
|
|
|0 0
|1 0
|2 ddc
|4 0
|6 621_384560000000000_ΛΟΥ
|7 0
|9 262577
|a LISK-2
|b LISK-2
|c EUD
|d 2021-01-17
|e 24
|f 0
|g 0.00
|l 0
|o 621.38456 ΛΟΥ
|p 2430000009111
|r 2021-01-17 00:00:00
|t 1
|w 2021-01-17
|y BK15
|x 20141111 0 ΧΑΣΑΝΗ 1
|x GrPaTEI - Antirrio
|
| 952 |
|
|
|0 0
|1 0
|2 ddc
|4 0
|6 621_384560000000000_ΛΟΥ
|7 0
|9 262578
|a LISK-2
|b LISK-2
|c EUD
|d 2021-01-17
|e 24
|f 0
|g 0.00
|l 0
|o 621.38456 ΛΟΥ
|p 2430000009151
|r 2021-01-17 00:00:00
|t 1
|w 2021-01-17
|y BK15
|x 20140423 0 ΧΑΣΑΝΗ 1
|x GrPaTEI - Antirrio
|
| 952 |
|
|
|0 0
|1 0
|2 ddc
|4 0
|6 621_384560000000000_ΛΟΥ
|7 0
|9 262579
|a LISK-2
|b LISK-2
|c EUD
|d 2021-01-17
|e 24
|f 0
|g 0.00
|l 0
|o 621.38456 ΛΟΥ
|p 2430000009152
|r 2021-01-17 00:00:00
|t 1
|w 2021-01-17
|y BK15
|x 20140423 0 ΧΑΣΑΝΗ 1
|x GrPaTEI - Antirrio
|
| 952 |
|
|
|0 0
|1 0
|2 ddc
|4 0
|6 621_384560000000000_ΛΟΥ
|7 0
|9 262580
|a LISK-2
|b LISK-2
|c EUD
|d 2021-01-17
|e 24
|f 0
|g 0.00
|l 0
|o 621.38456 ΛΟΥ
|p 2430000009153
|r 2021-01-17 00:00:00
|t 1
|w 2021-01-17
|y BK15
|x 20140423 0 ΧΑΣΑΝΗ 1
|x GrPaTEI - Antirrio
|
| 952 |
|
|
|0 0
|1 0
|2 ddc
|4 0
|6 621_384560000000000_ΛΟΥ
|7 0
|9 262581
|a LISK-2
|b LISK-2
|c EUD
|d 2021-01-17
|e 24
|f 0
|g 0.00
|l 0
|o 621.38456 ΛΟΥ
|p 2430000009154
|r 2021-01-17 00:00:00
|t 1
|w 2021-01-17
|y BK15
|x 20140423 0 ΧΑΣΑΝΗ 1
|x GrPaTEI - Antirrio
|
| 952 |
|
|
|0 0
|1 0
|2 ddc
|4 0
|6 621_384560000000000_ΛΟΥ
|7 0
|9 262582
|a LISK-2
|b LISK-2
|c EUD
|d 2021-01-17
|e 24
|f 0
|g 0.00
|l 0
|o 621.38456 ΛΟΥ
|p 2430000009155
|r 2021-01-17 00:00:00
|t 1
|w 2021-01-17
|y BK15
|x 20140423 0 ΧΑΣΑΝΗ 1
|x GrPaTEI - Antirrio
|
| 971 |
|
|
|a .b25707620
|b 16-04-20
|c 12-09-16
|
| 999 |
|
|
|c 151340
|d 151340
|